Jogadores que fizeram Gol no 7x1 - Statistics

Estatísticas Gerais
  • Esse quiz foi jogado 324 vezes
  • A pontuação média é 5 de 6
Estatísticas das Respostas
País Marcador Tempo de Jogo % Correto
Brasil Oscar 90'
96%
Alemanha Müller 11'
93%
Alemanha Klose 23'
90%
Alemanha Kroos (2) 24' 26'
86%
Alemanha Khedira 29'
74%
Alemanha Schürrle (2) 69' 79'
63%
Nenhum quiz correspondente encontrado
Distribuição das Pontuações
Porcentagem de Pessoas com Cada Pontuação
Percentil de Números Respondidos
Sua Pontuação Histórica
Você não jogou esse quiz